DEFRA wrong in set-aside ruling (Record no. 71703)

MARC details
000 -LEADER
fixed length control field 00940cam a2200217 4500
001 - CONTROL NUMBER
control field WB3845-27
008 - FIXED-LENGTH DATA ELEMENTS--GENERAL INFORMATION
fixed length control field 021203n2002 000 0 eng u
035 ## - SYSTEM CONTROL NUMBER
System control number (Sirsi) u120659
245 ## - TITLE STATEMENT
Title DEFRA wrong in set-aside ruling
260 ## - PUBLICATION, DISTRIBUTION, ETC.
Date of publication, distribution, etc. 2002
490 ## - SERIES STATEMENT
Series statement Farmers' Weekly
Volume/sequential designation 137(21) 22 November 2002, 8(1)
490 ## - SERIES STATEMENT
Series statement NFU Press Release
Volume/sequential designation 15 November 2002, (2)
520 ## - SUMMARY, ETC.
Summary, etc. The High Court has ruled that DEFRA was wrong to deny Staffs farmer John Cooke £28 000 because set-aside land had been used for grass during the preceding year. The ruling should mean over 1 000 arable farmers will receive outstanding set-aside and related payments. Farmers who may benefit from the case should contact DEFRA. www.nfu.org.uk/pr/4029630/PRONLINE.htm
590 ## - LOCAL NOTE (RLIN)
Local note WB
650 ## - SUBJECT ADDED ENTRY--TOPICAL TERM
Topical term or geographic name entry element ARABLE FARMERS
650 ## - SUBJECT ADDED ENTRY--TOPICAL TERM
Topical term or geographic name entry element SET-ASIDE PAYMENTS
650 ## - SUBJECT ADDED ENTRY--TOPICAL TERM
Topical term or geographic name entry element SET-ASIDE LAND
650 ## - SUBJECT ADDED ENTRY--TOPICAL TERM
Topical term or geographic name entry element DEFRA
690 ## - LOCAL SUBJECT ADDED ENTRY--TOPICAL TERM (OCLC, RLIN)
Topical term or geographic name as entry element RURAL-AGRICULTURE AND FORESTRY
942 ## - ADDED ENTRY ELEMENTS (KOHA)
Suppress in OPAC 0
Holdings
Withdrawn status Lost status Source of classification or shelving scheme Damaged status Not for loan Home library Current library Shelving location Date acquired Total Checkouts Full call number Barcode Date last seen Copy number Price effective from Koha item type
    Dewey Decimal Classification     London London News article 03/12/2002   WB3845-27 120659-1001 06/08/2019 1 06/08/2019 News article